header

Walt before Mickey (Record no. 240956)

MARC details
000 -LEADER
fixed length control field 01685nam a2200337 a 4500
082 04 - DEWEY DECIMAL CLASSIFICATION NUMBER
Classification number 791.43092
-- B
100 1# - MAIN ENTRY--AUTHOR NAME
Personal name Susanin, Timothy S.
245 10 - TITLE STATEMENT
Title Walt before Mickey
260 ## - PUBLICATION, DISTRIBUTION, ETC. (IMPRINT)
Place of publication Jackson [Miss.] :
Name of publisher University Press of Mississippi,
Year of publication 2011.
300 ## - PHYSICAL DESCRIPTION
Number of Pages xiii, 340 p.
505 0# - FORMATTED CONTENTS NOTE
Formatted contents note Preface / by Diane Disney Miller -- Introduction: Thanksgiving, 1966 -- Book one: Kansas City. Prologue the road to the first studios: commercial art, film -- Ads, and "home experimenting," 1919-1921 -- Kaycee Studios, 1921-1922 -- Laugh-o-gram Films, Inc., 1922-1923 -- Book two: Los Angeles. Disney Brothers Studio, 1923-1926 -- Walt Disney Studio, 1926-1928 -- Epilogue: after Mickey.
650 #0 - SUBJECT ADDED ENTRY--TOPICAL TERM
Topical Term Animators
856 40 - ELECTRONIC LOCATION AND ACCESS
Uniform Resource Identifier http://site.ebrary.com/lib/rucke/Doc?id=10463164

No items available.

© 2026 Rongo University
Contact us: librarian | system librarian | Rongo university